Regolamento generale della Curia Romana

Uloženo v:
Podrobná bibliografie
Médium: Kniha
Jazyk:italština
Vydáno: Ciudad del Vaticano Libreria Editrice Vaticana 2009
Témata:
Tagy: Přidat tag
Žádné tagy, Buďte první, kdo vytvoří štítek k tomuto záznamu!

MARC

LEADER 00000nam a2200000 a 4500
001 UCG0654
003 CL-VaPUC
008 100401e20090000VC |||||||||||||||||ita|d
020 |a 8820927578 
082 0 4 |a 262.9  |b REG  |2 21 
245 1 0 |a Regolamento generale della Curia Romana 
300 |a 93 p 
942 |c BK 
945 |d 20100401 00:00:00  |a rbrito 
260 |a Ciudad del Vaticano  |b Libreria Editrice Vaticana  |c 2009 
500 |a Incluye en forma separada Apendici II e III del Regolamento generale della Curia Romana 2009 
650 7 |a DERECHO CANONICO  |2 CL-VaPUC  |9 548121 
583 |a last modification  |c 20130325 06:23:28  |k Rodrigo Vera 
999 |c 340213  |d 340211 
952 |0 0  |1 0  |4 0  |6 262_900000000000000_REG_2009  |7 0  |8 DER_HDC  |9 434764  |a BIBDER  |b BIBDER  |d 2019-11-22  |i 4656644  |o 262.9 REG 2009  |p 4656644  |r 2023-01-25  |w 2019-11-22  |x Ubicación 4to Piso  |y BK  |z Estos recursos deben solicitarse con anticipación  |k DER